000 00683nam a2200241Ia 4500
003 OSt
005 20220918192250.0
006 a|||||r|||| 00| 0
007 ta
008 220917b |||||||| |||| 00| 0 eng d
024 _a67,721
037 _cTextual
040 _aARTS
_cARTS
_beng
041 _2eng
_aeng
082 _aR3xM44,4, F3
100 _aNietzche Freidrich
_978802
245 0 _aBeyond good and evil
_b prelude to a philosophy of the future tr Helen Zimmern
250 _a4th
260 _aLondon
_bGeorge Allen and Unwin
_c1923
300 _axv,268p.
_ccm.
942 _hR3xM44,4, F3
_cTEXL
_2CC
999 _c193954
_d193954